| 000 | 00656nam a22002177a 4500 | ||
|---|---|---|---|
| 005 | 20141216120025.0 | ||
| 008 | 141216b xxu||||| |||| 00| 0 eng d | ||
| 020 |
_a8183870503 _c595.00 |
||
| 040 | _aLoreto College | ||
| 041 | _aEnglish | ||
| 082 |
_a352.14 _bSAN |
||
| 100 | _aSankaran,P.N. | ||
| 245 |
_aDecentralisation _bInstitutions,justice and social development in India _cP.N.Sankaran |
||
| 260 |
_aNew Delhi _bSerials Publications _c2006 |
||
| 300 |
_axiv,215p _b22cm |
||
| 504 | _aIncludes bibliographical references and index | ||
| 650 | _aIndia-Local government | ||
| 650 | _aIndia-Local administration | ||
| 850 | _aLCLIB | ||
| 942 | _cBK | ||
| 999 |
_c39721 _d90200 |
||